Rebellious Rivulet/ (Record no. 190384)

MARC details
000 -LEADER
fixed length control field 00481nam a22001817a 4500
005 - DATE AND TIME OF LATEST TRANSACTION
control field 20220722161910.0
010 ## - LCCN (DPL NO)
LC control number ENG-133881
020 ## - INTERNATIONAL STANDARD BOOK NUMBER
Terms of availability 200.00
International Standard Book Number 8189431234
035 ## - SYSTEM CONTROL NUMBER
System control number EN-117413
037 ## - SOURCE OF ACQUISITION
Source of stock number/acquisition DBAD/PUB
082 ## - DEWEY DECIMAL CLASSIFICATION NUMBER
Classification number 882
100 ## - MAIN ENTRY--PERSONAL NAME
Personal name Dev, Amal. C.
245 ## - TITLE STATEMENT
Title Rebellious Rivulet/
Statement of responsibility, etc Amal. C. Dev
260 ## - PUBLICATION, DISTRIBUTION, ETC. (IMPRINT)
Place of publication, distribution, etc Ajmer
Name of publisher, distributor, etc ATIN Publications
Date of publication, distribution, etc 2012
270 ## - ADDRESS
City Ajmer
Address 59, Shastri Nagar
Postal code 305001
300 ## - PHYSICAL DESCRIPTION
Extent 94p.
Dimensions 21cm(hb)
942 ## - ADDED ENTRY ELEMENTS (KOHA)
Source of classification or shelving scheme Dewey Decimal Classification
Item type English Books
Classification part 882
Call number suffix DEV
Holdings
Withdrawn status Lost status Not for loan Collection code Home library Current library Date acquired Source of acquisition Cost, normal purchase price Full call number Barcode Copy number Cost, replacement price Koha item type
      Non-fiction Bawana Bawana 22/07/2022 DBAD/PUB 200.00 882 DEV EN-117413 1 200.00 English Books

© Delhi Public Library
Hit Counter
free hit counter